|
|
|
|
| LEADER |
00642nam a22001457a 4500 |
| 082 |
|
|
|a 894.M108
|b BHA J5
|
| 240 |
|
|
|a Bhavasourabham
|
| 245 |
|
|
|a ഭാവസൌരഭം
|
| 260 |
|
|
|a Perimthatta;
|b Gandhismaraka Vayanasala;
|c 1955
|
| 300 |
|
|
|a 104p.
|
| 650 |
|
|
|a മലയാളം; മലയാളം സാഹിത്യം; മലയാളം കവിതകള്
|9 191650
|
| 650 |
|
|
|a Malayalam; Malayalam Literature; Malayalam Poetry
|9 191651
|
| 942 |
|
|
|c BK
|
| 999 |
|
|
|c 42877
|d 42877
|
| 952 |
|
|
|0 0
|1 0
|4 0
|6 894_000000000000000_M108_BHA_J5
|7 0
|8 Poecol
|9 49276
|a MAL
|b MAL
|d 2015-08-17
|e 14732
|g 0.75
|l 0
|o 894.M108 BHA J5
|p MAL014732
|r 2015-08-17
|t 1
|w 2015-08-17
|y BK
|